|
|
|
|
| LEADER |
00000nam0a2200000 4500 |
| 001 |
284668 |
| 005 |
20231101235722.0 |
| 035 |
|
|
|a (RuTPU)RU\TPU\book\308849
|
| 090 |
|
|
|a 284668
|
| 100 |
|
|
|a 20150217d1969 k y0rusy50 ca
|
| 101 |
0 |
|
|a rus
|
| 102 |
|
|
|a RU
|
| 105 |
|
|
|a a z 101zy
|
| 200 |
1 |
|
|a Проблемы связи тектоники и магматизма
|e труды совещания, 5-9 января 1967 г., Москва
|f Академия наук СССР (АН СССР), Отделение геологии, геофизики и геохимии, Тектонический комитет ; Совещание по проблемам связи тектоники и магматизма ; под ред. М. В. Муратова
|
| 210 |
|
|
|a Москва
|c Наука
|d 1969
|
| 215 |
|
|
|a 266 с.
|c ил.
|
| 320 |
|
|
|a Библиогр. в конце докладов
|
| 606 |
1 |
|
|a Тектоника
|2 stltpush
|3 (RuTPU)RU\TPU\subj\58770
|9 76521
|
| 606 |
1 |
|
|a Горные породы, магматические
|x Петрография
|2 stltpush
|3 (RuTPU)RU\TPU\subj\66987
|9 82914
|
| 610 |
1 |
|
|a земная кора
|
| 610 |
1 |
|
|a докембрийские платформы
|
| 610 |
1 |
|
|a магмообразование
|
| 610 |
1 |
|
|a геосинклиналии
|
| 610 |
1 |
|
|a океаны
|
| 610 |
1 |
|
|a совещания
|
| 675 |
|
|
|a 551.24(063)
|v 4
|
| 675 |
|
|
|a 552.3(063)
|v 4
|
| 702 |
|
1 |
|a Муратов
|b М. В.
|4 340
|
| 712 |
0 |
2 |
|a Академия наук СССР (АН СССР)
|b Отделение геологии, геофизики и геохимии
|b Тектонический комитет
|2 stltpush
|3 (RuTPU)RU\TPU\col\722
|
| 712 |
1 |
2 |
|a Совещание по проблемам связи тектоники и магматизма
|e Москва
|f 1967
|
| 801 |
|
1 |
|a RU
|b 63413507
|c 20150217
|
| 801 |
|
2 |
|a RU
|b 63413507
|c 20180221
|g RCR
|
| 942 |
|
|
|c BK
|